000 00808cab a2200241 4500
001 WB3504-16
008 090401t1999 xxu||||| |||| 00| 0 eng d
035 _a(Sirsi) u90945
041 _aeng
245 _aUrban Design Council: Why bother?
260 _c1999
350 _a0
490 _aRICS Press Release
_v(pr157) 25 January 1999 (2)
520 _aThe Urban Design Alliance has emphasised its demand for a cross professional approach to the improvement of British towns and cities. It hopes to involve key figures from both government and the professions.
650 _aRICS
650 _aURBAN DESIGN ALLIANCE
650 _aURBAN DESIGN COUNCIL
650 _aURBAN DESIGN
650 _aURBAN IMPROVEMENT
690 _aPROPERTY-PROPERTY DEVELOPMENT
942 _n0
948 _c27/01/1999
999 _c57697
_d57697